000 00298nam a22001337a 4500
003 SGT
082 _a634
_bGAR
100 _aGARDNER VICTOR RAY
245 _aTHE FUNDAMENTALS OF FRUIT PRODUCTION
260 _aNEW YORK
_bMC GROW HILL PUB
_c1952
300 _a739
650 _aAG
942 _2ddc
_cRARE
999 _c33702
_d33702